000 00580nam a2200169 i 4500
001 183300
003 ES-MaACL
005 20250902053212.0
008 140219s2013 sp |||| | spa d
100 1 _aLluís y Navas, Jaime.
_972976
245 1 0 _aAspectos del asociacionismo económico
_b: (las uniones temporales de empresas y las asociaciones de autónomos) /
_cJaime Lluís y Navas.
260 _aBarcelona :
_b[s.n.],
_c2013.
300 _a43 p. ;
_c22 cm.
650 4 _aSociedades-
_xFusión
_917180
852 _aES-MaACL
_j2319-F-22
999 _c183300
_d183300